Pleito de don Francisco Simón contra don Ramón Ocejo, por los agravios de adulterio

Detalles Bibliográficos
Otros Autores: Francisco Simón, Ramón Ocejo
Formato: Libro
Publicado: s.l., s.f.
Materias:
Colección:Banco de datos
Acervo:Biblioteca Palafoxiana. Colección de Manuscritos
Descripción Física:2 f. ; 32 x 21 cm.
Tema general:Civil
LEADER 00445nam a22001570004500
035 |a 1151 
245 1 0 |a Pleito de don Francisco Simón contra don Ramón Ocejo, por los agravios de adulterio 
260 |a s.l., s.f. 
300 |a 2 f. ; 32 x 21 cm. 
650 1 0 |a Civil 
700 1 |a Francisco Simón 
700 1 |a Ramón Ocejo 
949 |a 19948/062 
942 |c PALAMANU 
943 |g Biblioteca Palafoxiana. Colección de Manuscritos 
999 |c 1069096  |d 1069096